Miejscowości w gminie Narewka - Statystyki

Ogólne statystyki
  • Ten quiz został rozwiązany 88 razy
  • Średni wynik to 23 z 42
Statystyki odpowiedzi
Msc. Miejscowość L. Mieszkańców % Poprawnych
1. Narewka 806
100%
2. Siemianówka 349
89%
5. Skupowo 170
79%
4. Lewkowo Nowe 184
68%
3. Lewkowo Stare 287
68%
12. Ochrymy 74
68%
7. Planta 149
68%
9. Eliaszuki 100
63%
22. Gruszki 37
63%
10. Olchówka 89
63%
11. Świnoroje 80
63%
8. Tarnopol 123
63%
28. Bernacki Most 21
58%
42. Gnilec 2
58%
20. Janowo 45
58%
6. Mikłaszewo 159
58%
15. Stoczek 61
58%
32. Suszczy Borek 14
58%
21. Babia Góra 38
53%
26. Grodzisk 24
53%
16. Guszczewina 55
53%
33. Krynica 14
53%
13. Masiewo Stare 63
53%
31. Mińkówka 16
53%
27. Pasieki 22
53%
14. Zabłotczyzna 61
53%
38. Borowe 4
47%
41. Łańczyno 3
47%
23. Masiewo Nowe 29
47%
17. Michnówka 54
47%
37. Porosłe 7
47%
39. Zamosze 4
47%
18. Leśna 48
42%
40. Łozowe 3
42%
35. Nowiny 10
42%
25. Podlewkowie 25
42%
29. Słobudka 20
42%
30. Zabrody 17
42%
36. Cieremki 9
37%
24. Kapitańszczyzna 26
37%
19. Nowa Łuka 47
37%
34. Siemieniakowszczyzna 12
37%
Nie znaleziono quizów pasujących do podanych kryteriów
Rozkład punktacji
Procent ludzi z każdym wynikiem
Percentyl według liczby udzielonych odpowiedzi
Twoja historia wyników
Nie rozwiązałeś tego quizu